000
00485nam a2200169Ia 4500
008
090711s9999 xx 000 0 und d
082
_b
48595
100
_a
कोल्हटकर िSां. ग.
245
_a
बहुरू पी
260
_c
1983
300
_a
476
600
_a
कोल्हटकर िSां. ग.
630
_a
बहुरू पी
700
_a
कोल्हटकर िSां. ग.
730
_a
बहुरू पी
942
_c
BOOK
999
_c
331937
_d
331937